000 00663nam a22002172 4500
001 0000021457
005 20151217152232.0
008 120521s xx 000 0 eng d
020 _a1847034526 :
040 _aKABU
_cKABU
100 1 _aStrong, Malcolm.
_@0000182324
245 1 0 _aSale of ships :
_bthe Norwegian saleform /
_cMalcolm Strong, Paul Herring.
250 _a2nd ed.
260 _aLondon :
_bSweet & Maxwell,
_c2010.
300 _axliii, 451 p.
650 0 _aShips
_xLaw and Legislation
_zNorway.
_@0000182325
700 1 _aHerring, Paul.
_@0000182326
852 1 _9p
908 _a120521
950 _@1
999 _c9682
_d9682